[Event "Double Challenge 1/2"]
[Site "http://www.queenalice.com/game.php?id=191605"]
[Date "2007.4.4"]
[Round "-"]
[White "badblock"]
[Black "Hortelino"]
[Result "1-0"]
[WhiteElo "1833"]
[BlackElo "1887"]

1. Nc3 d5 2. d4 Nf6 3. Bf4 c6 4. Nf3 e6 5. e3 Nbd7 6. Bd3 Be7 7. h3 O-O 8. O-O
b6 9. e4 dxe4 10. Nxe4 Nxe4 11. Bxe4 Bb7 12. Ne5 Rc8 13. Re1 Nxe5 14. Bxe5 Bf6
15. Qd3 g6 16. Qa3 a5 17. Rad1 Qe7 18. Bd6 Qd7 19. Bxf8 Rxf8 20. Qb3 b5 21. a4
b4 22. c3 Qe7 23. Qc4 Rc8 24. cxb4 axb4 25. a5 Ra8 26. Bxc6 Bxc6 27. Qxc6 Rxa5
28. d5 Bxb2 29. dxe6 fxe6 30. Rxe6 Qf8 31. Re8 1-0

[Event "Double Challenge 2/2"]
[Site "http://www.queenalice.com/game.php?id=191606"]
[Date "2007.4.4"]
[Round "-"]
[White "Hortelino"]
[Black "badblock"]
[Result "0-1"]
[WhiteElo "1887"]
[BlackElo "1742"]

1. d4 d5 2. c4 e6 3. Nc3 Nf6 4. Bg5 Be7 5. Nf3 O-O 6. e3 h6 7. Bh4 c6 8. Rc1 a6
9. a3 Nbd7 10. h3 b5 11. cxb5 axb5 12. Bd3 Ba6 13. O-O b4 14. axb4 Bxb4 15. Ne5
Bxd3 16. Qxd3 Qb6 17. f4 c5 18. Nxd7 Nxd7 19. Ne2 Ra2 20. f5 Rxb2 21. fxe6 c4
22. Qd1 Qxe6 23. Rf3 Ra8 24. Qf1 Raa2 25. Nf4 Qe4 26. Bf2 Nf6 27. Ra1 Rxa1 28.
Qxa1 Rb1+ 0-1

[Event "Vamos jogar xadrêz!"]
[Site "http://www.queenalice.com/game.php?id=202770"]
[Date "2007.4.26"]
[Round "-"]
[White "badblock"]
[Black "ainsworth"]
[Result "1-0"]
[WhiteElo "1898"]
[BlackElo "2222"]

1. Nc3 Nf6 2. e4 e5 3. Nf3 Nc6 4. Be2 Bc5 5. Nxe5 Nxe5 6. d4 Bb4 7. dxe5 Nxe4 8.
Qd4 Nxc3 9. bxc3 Be7 10. Qg4 g6 11. Bh6 d6 12. Qe4 c6 13. Rb1 Rg8 14. O-O dxe5
15. Rfd1 Qc7 16. Bg4 Bxg4 17. Qxg4 b5 18. c4 a6 19. h4 b4 20. Qf3 a5 21. c3 Bf8
22. Bg5 f5 23. cxb4 axb4 24. c5 1-0

[Event "Vamos jogar xadrêz! 2"]
[Site "http://www.queenalice.com/game.php?id=212324"]
[Date "2007.5.17"]
[Round "-"]
[White "ainsworth"]
[Black "badblock"]
[Result "1/2-1/2"]
[WhiteElo "2166"]
[BlackElo "1988"]

1. e4 e5 2. Nc3 Nc6 3. Bc4 Bc5 4. Qg4 g6 5. Qf3 Nf6 6. Nge2 d6 7. h3 h6 8. O-O
O-O 9. Na4 Bb6 10. Nxb6 axb6 11. d3 Kg7 12. Qe3 Rh8 13. f4 Be6 14. Bxe6 fxe6 15.
fxe5 dxe5 16. c3 Qe7 17. b4 b5 18. Ng3 Ne8 19. a3 h5 20. Ne2 Nd6 21. Kh2 Raf8
22. Rxf8 Qxf8 23. Ng1 Qf6 24. Nf3 Nf7 25. Qc5 g5 26. h4 g4 27. Ng5 Rd8 28. d4
exd4 29. cxd4 Kg6 30. Be3 Nxd4 31. Qxc7 Nc6 32. Nxf7 Qxf7 33. Qg3 Qf6 34. Rc1
Rd3 35. Rc5 Ne5 36. Rxb5 Rxa3 37. Qxe5 Qxh4+ 1/2-1/2

[Event "Double Challenge 1/2"]
[Site "http://www.queenalice.com/game.php?id=224876"]
[Date "2007.6.14"]
[Round "-"]
[White "badblock"]
[Black "Gil"]
[Result "1-0"]
[WhiteElo "2061"]
[BlackElo "2135"]

1. e4 c5 2. Bc4 e6 3. Nf3 Nc6 4. O-O d5 5. exd5 exd5 6. Re1+ Be7 7. Bb5 Nf6 8.
Qe2 Be6 9. Nc3 Rc8 10. Bxc6+ Rxc6 11. d4 O-O 12. Bf4 Re8 13. dxc5 Bxc5 14. Be5
Ng4 15. Bd4 Nxh2 16. Kxh2 Bxd4 17. Nxd4 Qh4+ 18. Kg1 Qxd4 19. Rad1 Qc4 20. Nxd5
Qxe2 21. Rxe2 Kf8 22. Ne3 Bxa2 23. b3 Rxc2 24. Rxc2 Bxb3 25. Ra1 Bxc2 26. Nxc2
a6 27. Kf1 Re6 28. Rb1 b5 29. Ra1 Rc6 30. Nb4 Rc4 31. Nxa6 Ra4 32. Rxa4 bxa4 33.
Ke2 h5 34. Kd2 g5 35. Nc5 a3 36. Kc3 Ke7 37. Ne4 f6 38. Kb3 h4 39. Kxa3 g4 40.
Kb4 Ke6 41. Kc4 Kf5 42. Kd4 Kf4 43. Nxf6 h3 44. Nh5+ Kg5 45. Ng3 hxg2 46. Ne2
Kf5 47. Kd5 Kg5 48. Ke4 Kh4 49. Ng1 Kg5 50. Ke5 Kh5 51. Kf5 Kh4 52. Kg6 g3 53.
f4 Kg4 54. f5 1-0

[Event "Double Challenge 2/2"]
[Site "http://www.queenalice.com/game.php?id=224878"]
[Date "2007.6.14"]
[Round "-"]
[White "Gil"]
[Black "badblock"]
[Result "0-1"]
[WhiteElo "2134"]
[BlackElo "2008"]

1. d4 d5 2. c4 e6 3. e3 Nf6 4. Nf3 c5 5. cxd5 exd5 6. Bb5+ Nbd7 7. O-O c4 8. Nc3
a6 9. Ba4 b5 10. Bc2 b4 11. Ne2 Bd6 12. Ng3 O-O 13. Bd2 Re8 14. Nf5 Bf8 15. Ng3
Ne4 16. Ba4 Rb8 17. Qc2 Bd6 18. Nf5 Bc7 19. Ng3 Re6 20. Nxe4 dxe4 21. Ne1 Rh6
22. f4 Nb6 23. Bxb4 Nxa4 24. Qxa4 Bd7 25. Qa3 Qh4 26. h3 Qg3 27. Rb1 Bxh3 28.
Bc5 Bxg2 29. Nxg2 Rh2 30. Rf2 Qh3 31. Kf1 Rh1+ 32. Ke2 Qh5+ 33. Kd2 Rxb1 0-1

[Event "Double Challenge 1/2"]
[Site "http://www.queenalice.com/game.php?id=240115"]
[Date "2007.7.14"]
[Round "-"]
[White "badblock"]
[Black "Kaupauki"]
[Result "1/2-1/2"]
[WhiteElo "2212"]
[BlackElo "2445"]

1. e4 e5 2. Nc3 Nf6 3. Nf3 Nc6 4. d4 exd4 5. Nxd4 Bb4 6. Nxc6 bxc6 7. Bd3 d5 8.
exd5 cxd5 9. O-O O-O 10. a3 Bd6 11. Bg5 c6 12. Qd2 Rb8 13. Rab1 h6 14. Bf4 Re8
15. b4 Ng4 16. Rfe1 Ne5 17. Bg3 Bd7 18. Bf1 Qc7 19. h3 Re7 20. Rbd1 Bf5 21. b5
Re6 22. bxc6 Qxc6 23. Nxd5 Rbe8 24. Re3 Bc5 25. Rc3 Rc8 26. Rb3 Be4 27. Kh1 Bf8
28. Re3 Nc4 29. Bxc4 Qxc4 30. Rc3 Qa6 31. Nc7 Qa5 32. Re3 Qxd2 33. Rxd2 Bc5 34.
Nxe6 Bxe3 35. Re2 fxe6 36. Rxe3 Bd5 37. c3 Kf7 38. Be5 Rc5 39. Bd6 Rb5 40. c4
Bxc4 41. Rc3 Bd5 42. Rc7+ Kf6 43. Rxa7 g5 44. a4 Rb7 45. Ra6 Rb3 46. Kh2 Rc3 47.
Bb8 Rc8 48. Ba7 Kg6 49. Bd4 Rd8 50. Bb6 Ra8 51. Rxa8 Bxa8 52. Bd4 h5 53. a5 Bb7
54. g4 Ba6 55. Bc3 Bb5 56. Kg3 Be2 57. f4 Bd3 58. gxh5+ Kxh5 59. Bf6 gxf4+ 60.
Kxf4 Kg6 61. Ke5 Bc4 62. h4 Kh5 63. Bg5 Kg4 64. Bd8 Kh5 65. Be7 Kh6 66. Kd6 Kh5
67. Bg5 Kg4 68. Bd8 Kh5 69. Be7 1/2-1/2

[Event "Double Challenge 2/2"]
[Site "http://www.queenalice.com/game.php?id=240117"]
[Date "2007.7.14"]
[Round "-"]
[White "Kaupauki"]
[Black "badblock"]
[Result "1-0"]
[WhiteElo "2453"]
[BlackElo "2225"]

1. e4 e5 2. Nf3 Nc6 3. Bb5 g6 4. c3 a6 5. Ba4 b5 6. Bc2 Bg7 7. d4 exd4 8. cxd4
Nge7 9. O-O O-O 10. h3 d5 11. e5 f6 12. Re1 fxe5 13. dxe5 Nb4 14. Nc3 Nxc2 15.
Qxc2 Bxh3 16. Bg5 Qd7 17. Bxe7 Rxf3 18. Qd1 Bxg2 19. Qxd5+ Qxd5 20. Nxd5 Bh3 21.
Nxc7 Rc8 22. Bd6 Bd7 23. e6 Be8 24. Re2 Rd3 25. Bh2 Kf8 26. Rc1 h5 27. Kg2 Bh8
28. Bf4 Rd4 29. Kf3 Rc4 30. Bd6+ Kg8 31. Rxc4 bxc4 32. Kf4 c3 33. bxc3 Bxc3 34.
Nd5 Bb5 35. Nxc3 Rxc3 36. Rb2 Rd3 37. Be7 Rc3 38. Ke5 Rf3 39. Rc2 Ba4 40. Rc8+
Kh7 41. Rc7 Kh6 42. Bh4 g5 43. Rf7 Rc3 44. Rf6+ Kg7 45. Bxg5 Rc5+ 46. Kf4 Bb5
47. e7 Rc4+ 48. Ke3 h4 49. Rf8 h3 50. Kf3 Rc5 51. Bf6+ Kg6 52. Kg3 Bd7 53. Bh8
Rc2 54. Bd4 Rc4 55. Rf6+ Kh7 56. Rd6 Bb5 57. Kxh3 Kg8 58. Bf6 Kf7 59. Bg5 Ra4
60. f4 Be8 61. Kg4 Kg7 62. Rd2 Re4 63. Rd8 Kf7 64. Rd6 a5 65. Ra6 Ra4 66. Rh6
Kg7 67. Rf6 Bf7 68. Rc6 Be8 69. Rc2 Ra3 70. Bh4 Rd3 71. Rc8 Kf7 72. Rd8 Ra3 73.
Rd2 Bb5 74. Bg5 Re3 75. Rd5 Be8 76. Rf5+ 1-0

[Event "Capivara Challenge 1/2"]
[Site "http://www.queenalice.com/game.php?id=266531"]
[Date "2007.9.3"]
[Round "-"]
[White "badblock"]
[Black "corinthians2"]
[Result "1-0"]
[WhiteElo "2136"]
[BlackElo "2072"]

1. e4 c5 2. Nf3 e6 3. Nc3 Nc6 4. d4 cxd4 5. Nxd4 Qc7 6. Be3 a6 7. Qf3 Nf6 8.
O-O-O Bb4 9. Nxc6 Qxc6 10. Bd4 Bxc3 11. Bxc3 Qxe4 12. Qxe4 Nxe4 13. Bxg7 Rg8 14.
Bd4 f5 15. f3 Ng5 16. Bd3 b5 17. Rhe1 1-0

[Event "Capivara Challenge 2/2"]
[Site "http://www.queenalice.com/game.php?id=266532"]
[Date "2007.9.3"]
[Round "-"]
[White "corinthians2"]
[Black "badblock"]
[Result "0-1"]
[WhiteElo "2072"]
[BlackElo "2160"]

1. d4 d5 2. Nf3 Nf6 3. e3 g6 4. c4 Bg7 5. Nc3 O-O 6. Qb3 dxc4 7. Bxc4 Nc6 8. Be2
Qd6 9. O-O Be6 10. Qd1 Bf5 11. Nh4 Be6 12. f4 Rab8 13. f5 Bd5 14. fxg6 hxg6 15.
Bf3 Bc4 16. Re1 e5 17. d5 Nb4 0-1

[Event "Candango Challenge 1/2"]
[Site "http://www.queenalice.com/game.php?id=266728"]
[Date "2007.9.4"]
[Round "-"]
[White "badblock"]
[Black "dkfuji"]
[Result "1-0"]
[WhiteElo "2181"]
[BlackElo "2031"]

1. e4 e5 2. Nf3 Nc6 3. Bb5 Nf6 4. O-O Nxe4 5. d4 exd4 6. Re1 d5 7. Qxd4 Be6 8.
c4 Bc5 9. Qxg7 Bxf2+ 10. Kf1 Rf8 11. Re2 Bc5 12. Nc3 Nxc3 13. bxc3 dxc4 14. Bg5
Qd3 15. Ne5 Qf5+ 16. Ke1 Bd6 17. Nxc6 Qxb5 18. Nd4 Qd7 19. Rd1 Rd8 20. Rdd2 b5
21. Qxh7 b4 22. Nxe6 fxe6 23. Qh3 Kf7 24. Bxd8 Kg8 25. Rd5 Rf5 26. Rxf5 exf5 27.
Bf6 Qh7 28. Re8+ Kf7 29. Qxh7+ Kxe8 30. Qxf5 Kf8 31. Bg5+ Kg7 32. Qf6+ 1-0

[Event "Candango Challenge 2/2"]
[Site "http://www.queenalice.com/game.php?id=266731"]
[Date "2007.9.4"]
[Round "-"]
[White "dkfuji"]
[Black "badblock"]
[Result "0-1"]
[WhiteElo "2054"]
[BlackElo "2197"]

1. e4 e5 2. Nf3 Nc6 3. Bb5 g6 4. O-O Bg7 5. c3 Nf6 6. d4 Nxe4 7. Re1 d5 8. Nbd2
O-O 9. Bxc6 bxc6 10. Nxe5 c5 11. Nxe4 dxe4 12. Rxe4 Bb7 13. Re1 Re8 14. Qb3 Bd5
15. Qc2 Bb7 16. Be3 Qd5 17. f4 cxd4 18. cxd4 Re7 19. b3 Rae8 20. Qf2 f6 21. Nf3
Qb5 22. Rac1 Bh6 23. Nd2 Qd3 24. Nc4 Qf5 25. Rf1 a5 26. Qh4 Bf8 27. Rfe1 a4 28.
Qf2 Bd5 29. Qf1 Kg7 30. Bd2 Rxe1 31. Bxe1 Re4 32. Bd2 Qe6 33. f5 gxf5 34. Re1
Rxe1 35. Qxe1 Bxc4 36. bxc4 Qxc4 37. Qf2 Bd6 38. Be3 Qd3 39. g3 Qe4 40. h3 h5
41. Kh2 a3 42. Bf4 Bxf4 43. gxf4 h4 44. Qd2 Qf3 45. Qg2+ Qxg2+ 46. Kxg2 Kf7 47.
Kf3 Ke6 48. Ke2 Kd5 49. Ke3 Kc4 50. d5 Kxd5 51. Kd3 c5 52. Ke3 c4 0-1

[Event "AUTO-ELITE-139"]
[Site "http://www.queenalice.com/game.php?id=289296"]
[Date "2007.10.19"]
[Round "1"]
[White "PauloRezende"]
[Black "badblock"]
[Result "0-1"]
[WhiteElo "2178"]
[BlackElo "2279"]

1. c4 e5 2. Nc3 Nf6 3. g3 Bc5 4. Bg2 Nc6 5. e3 O-O 6. Nge2 d6 7. a3 Bf5 8. O-O
Bd3 9. b3 Qd7 10. b4 Bb6 11. Bb2 Bxc4 12. d3 Be6 13. Ne4 Nxe4 14. Bxe4 a6 0-1

[Event "AUTO-ELITE-139"]
[Site "http://www.queenalice.com/game.php?id=289297"]
[Date "2007.10.19"]
[Round "1"]
[White "badblock"]
[Black "PauloRezende"]
[Result "1-0"]
[WhiteElo "2265"]
[BlackElo "2178"]

1. e4 c5 2. Nf3 g6 3. c3 Bg7 4. d4 b6 5. Bd3 Bb7 6. O-O e6 7. dxc5 bxc5 8. Na3
Ne7 9. Nb5 O-O 10. Nd6 Qc7 11. Bf4 Qb6 12. Nc4 Qc6 13. Nfe5 Bxe5 14. Nxe5 1-0

[Event "AUTO-ELITE-139"]
[Site "http://www.queenalice.com/game.php?id=289304"]
[Date "2007.10.19"]
[Round "1"]
[White "badblock"]
[Black "Bergman"]
[Result "1/2-1/2"]
[WhiteElo "2216"]
[BlackElo "2527"]

1. e4 e5 2. Nf3 Nc6 3. Bb5 a6 4. Bxc6 dxc6 5. O-O Bg4 6. h3 h5 7. d3 Qf6 8. Nbd2
Ne7 9. Nc4 Bxf3 10. Qxf3 Qxf3 11. gxf3 Ng6 12. Be3 Be7 13. Kh1 O-O-O 14. Rg1
Rhe8 15. a4 Bf6 16. a5 Kd7 17. Rad1 Ke7 18. Ra1 Ke6 19. Ra3 Kd7 20. Kh2 Nf4 21.
Rd1 Ne6 22. Rb3 Kc8 23. Rg1 c5 24. Kg3 Rh8 25. Rg2 g5 26. Rg1 Be7 27. Rb1 f6 28.
Re1 Nd4 29. Bxd4 cxd4 30. Rh1 Kb8 31. Ra1 Ka7 32. Rc1 Bc5 33. c3 b5 34. Nd2 c6
35. Nf1 Kb7 36. Kg2 Rc8 37. Ng3 dxc3 38. Nf5 Rc7 39. Rcxc3 Ba7 40. Ra3 Rd7 41.
Kf1 c5 42. Ne3 Rhd8 43. Nd5 Rxd5 44. exd5 Rxd5 45. Ra1 b4 46. Rc2 Rxd3 47. Ke2
Rd4 48. Rd2 Kc6 49. Rxd4 1/2-1/2

[Event "AUTO-ELITE-139"]
[Site "http://www.queenalice.com/game.php?id=289305"]
[Date "2007.10.19"]
[Round "1"]
[White "Bergman"]
[Black "badblock"]
[Result "0-1"]
[WhiteElo "2530"]
[BlackElo "2231"]

1. d4 d5 2. c4 e6 3. Nc3 Nf6 4. Nf3 Nc6 5. Bg5 Be7 6. e3 O-O 7. Rc1 h6 8. Bh4 a5
9. Be2 dxc4 10. Bxc4 Nd5 11. Bxe7 Ncxe7 12. O-O Nxc3 13. Rxc3 b6 14. Ne5 Bb7 15.
Qg4 Qd6 16. e4 Rad8 17. Rd1 f5 18. exf5 Nxf5 19. Rcd3 Bd5 20. b3 Rf6 21. Qe2
Bxg2 22. Kxg2 b5 23. Bxb5 Qd5+ 24. Rf3 Nh4+ 25. Kf1 Nxf3 26. Bc6 Nxh2+ 27. Kg1
Qd6 28. Kxh2 Rdf8 29. f3 Rf5 30. Qc2 Rd8 31. f4 Rxf4 32. Be4 Rdf8 33. Kh1 R8f6
34. Bh7+ Kh8 35. Be4 g6 36. Kg1 c5 37. Qg2 h5 38. Qg5 Kg7 39. Bxg6 Rg4+ 40. Nxg4
Rxg6 41. Qe5+ Qxe5 42. dxe5 Rxg4+ 43. Kf2 c4 44. Rd6 h4 45. bxc4 Rxc4 46. Rxe6
Rc2+ 47. Ke3 h3 48. Re7+ Kg6 49. Re6+ Kg5 50. Re8 Rxa2 51. Rh8 Ra1 52. e6 Kf6
53. Rh6+ Kg7 54. e7 Kf7 55. Ke4 Rh1 56. Kf3 Kxe7 57. Kg4 a4 58. Ra6 Ra1 59. Kxh3
a3 60. Kg2 Kd7 61. Kf3 Kc7 62. Kf2 Kb7 63. Ra4 Kb6 64. Kf3 Kb5 65. Ra8 Kc4 66.
Rc8+ Kb3 67. Rb8+ Ka2 68. Rh8 Re1 69. Kf2 Rc1 70. Ke3 Rc3+ 71. Kd4 Kb2 72. Ra8
Rb3 0-1

[Event "AUTO-ELITE-139"]
[Site "http://www.queenalice.com/game.php?id=336353"]
[Date "2008.1.14"]
[Round "2"]
[White "badblock"]
[Black "cro_kramnik"]
[Result "1/2-1/2"]
[WhiteElo "2350"]
[BlackElo "2395"]

1. e4 c5 2. Nf3 g6 3. d4 cxd4 4. Qxd4 Nf6 5. Nc3 Nc6 6. Qa4 Bg7 7. e5 Ng8 8. Bf4
f6 9. O-O-O fxe5 10. Be3 Nf6 11. Ng5 d5 12. Nxd5 Nxd5 13. Bb5 e6 14. c4 a6 15.
cxd5 exd5 16. Bxc6+ bxc6 17. Qxc6+ Bd7 18. Qxd5 Rc8+ 19. Kb1 Bf5+ 20. Ka1 Qxd5
21. Rxd5 O-O 22. Rd6 Rc2 23. Rb6 e4 24. h4 Rfc8 25. a3 h6 26. Nh3 Bd7 27. Nf4
Bb5 28. Rb1 R8c3 29. bxc3 Bxc3+ 30. Rb2 g5 31. hxg5 hxg5 32. Rg6+ Kh7 33. Rxg5
Ba4 34. Rh5+ Kg8 35. Rc5 Bxb2+ 36. Kb1 Rxc5 37. Bxc5 Be5 38. Ne6 Bd7 39. Nd4
Bxd4 40. Bxd4 Kf7 41. Kc2 Ke6 42. Kc3 Kd5 43. Bb6 Bg4 44. a4 Be2 45. Kb4 Ke5 46.
Be3 Kf5 47. a5 Bf1 48. g3 1/2-1/2

[Event "AUTO-ELITE-139"]
[Site "http://www.queenalice.com/game.php?id=336354"]
[Date "2008.1.14"]
[Round "2"]
[White "cro_kramnik"]
[Black "badblock"]
[Result "0-1"]
[WhiteElo "2406"]
[BlackElo "2336"]

1. Nf3 Nc6 2. d4 d5 3. c4 e6 4. Nc3 Nf6 5. Bg5 Bb4 6. e3 h6 7. Bxf6 Qxf6 8. Qc2
O-O 9. a3 Bxc3+ 10. Qxc3 Re8 11. Rc1 Bd7 12. cxd5 exd5 13. Be2 a5 14. O-O Qe6
15. Bb5 a4 16. Rfd1 Rec8 17. Qc2 Qd6 18. h3 Ne7 19. Bd3 Be6 20. Re1 c6 21. Rcd1
b6 22. Qe2 c5 23. e4 c4 24. Bc2 b5 25. e5 Qc7 26. Qe3 b4 27. axb4 Rcb8 28. Qd2
Qb6 29. Rb1 Qxb4 30. Qc1 Nc6 31. g4 Qb6 32. Qd2 Nb4 33. Kg2 Nxc2 34. Qxc2 Bd7
35. Qd2 Ra6 36. Nh4 Qd8 37. Nf3 Qc8 38. Kg3 Rab6 39. Re3 h5 0-1

[Event "AUTO-ELITE-139"]
[Site "http://www.queenalice.com/game.php?id=336355"]
[Date "2008.1.14"]
[Round "2"]
[White "badblock"]
[Black "gipmachado"]
[Result "1-0"]
[WhiteElo "2292"]
[BlackElo "2308"]

1. e4 e5 2. Nf3 Nc6 3. Bb5 a6 4. Bxc6 dxc6 5. O-O Qd6 6. d3 Bg4 7. Nbd2 Qf6 8.
h3 Bh5 9. g4 Bg6 10. Nc4 Bd6 11. d4 exd4 12. e5 Qe6 13. exd6 Qxc4 14. dxc7 c5
15. Re1+ Ne7 16. Bf4 1-0

[Event "AUTO-ELITE-139"]
[Site "http://www.queenalice.com/game.php?id=336356"]
[Date "2008.1.14"]
[Round "2"]
[White "gipmachado"]
[Black "badblock"]
[Result "0-1"]
[WhiteElo "2312"]
[BlackElo "2309"]

1. e4 e5 2. Nf3 Nc6 3. d4 exd4 4. Nxd4 Bc5 5. Be3 Qf6 6. c3 Nge7 7. Bc4 Ne5 8.
Be2 O-O 9. f4 Qh6 10. Nd2 d5 11. Nf5 Nxf5 12. Bxc5 Nd7 13. Bxf8 Ne3 14. Bxg7
Kxg7 15. Qb1 Qxf4 16. g3 Ng2+ 17. Kd1 Qf2 18. Qd3 Ne5 19. Qd4 Ne3+ 20. Kc1 f6
0-1

[Event " Bobby Fischer"]
[Site "http://www.queenalice.com/game.php?id=391817"]
[Date "2008.4.22"]
[Round "2"]
[White "gipmachado"]
[Black "badblock"]
[Result "0-1"]
[WhiteElo "2415"]
[BlackElo "2351"]

1. e4 e5 2. Nf3 Nc6 3. Bb5 g6 4. c3 Nge7 5. O-O Bg7 6. d4 exd4 7. cxd4 d5 8.
exd5 Nxd5 9. Re1+ Be6 10. Bg5 Qd6 11. Nbd2 O-O 12. Nc4 Qb4 13. Bxc6 bxc6 14. Qc1
Rfe8 15. Bd2 Qb5 16. a4 Qa6 17. Na5 Ne7 18. Ne5 Bd5 19. Qc3 Qb6 20. Nac4 Qb7 21.
b4 Rad8 22. Na5 Qa8 23. f3 Rd6 24. Rac1 Re6 25. Qc5 a6 26. Qc3 Qc8 27. Be3 Nf5
28. Bf2 Bh6 29. Rb1 Bf4 30. Rbd1 Qd8 31. Nb7 Qg5 32. Nc5 Nh4 33. Bxh4 Qxh4 34.
h3 R6e7 35. Ncd3 Bg3 36. Rf1 f6 37. Ng4 h5 38. Ngf2 Re2 39. Rde1 f5 40. Rxe2
Rxe2 0-1

[Event " Bobby Fischer"]
[Site "http://www.queenalice.com/game.php?id=442065"]
[Date "2008.8.1"]
[Round "3"]
[White "badblock"]
[Black "shogun"]
[Result "1/2-1/2"]
[WhiteElo "2365"]
[BlackElo "2535"]

1. e4 c5 2. Nf3 d6 3. Nc3 Nf6 4. Bb5+ Bd7 5. Bxd7+ Nbxd7 6. O-O g6 7. d3 Bg7 8.
h3 O-O 9. Bf4 Nb8 10. Re1 Nc6 11. Qd2 Re8 12. Nd5 Nd4 13. Nxf6+ Bxf6 14. Nh2 h5
15. Be3 e5 16. Nf1 d5 17. Ng3 Bh4 18. Bh6 Rc8 19. Rad1 Bxg3 20. fxg3 Rc7 21. Rf1
Ne6 22. Qf2 b5 23. g4 hxg4 24. hxg4 b4 25. Rd2 Kh7 26. Qe3 Kg8 27. Qf3 dxe4 28.
dxe4 Qh4 29. Be3 Ng5 30. Bxg5 Qxg5 31. Rd5 c4 32. Qf6 Qxf6 33. Rxf6 c3 34. b3
Re6 35. Rd8+ Kg7 36. Rxe6 fxe6 37. g5 Kf7 38. Rb8 1/2-1/2